El nuevo impuesto para una Argentina inclusiva y solidaria (Registro nro. 35102)

Detalles MARC
000 -LEADER
fixed length control field 00351 a2200109 4500
001 - CONTROL NUMBER
control field ART_50694
005 - DATE AND TIME OF LATEST TRANSACTION
control field 20260410162043.0
008 - FIXED-LENGTH DATA ELEMENTS--GENERAL INFORMATION
fixed length control field 260409a
100 1# - MAIN ENTRY--PERSONAL NAME
Personal name Coronello, Silvina E.
245 10 - TITLE STATEMENT
Title El nuevo impuesto para una Argentina inclusiva y solidaria
773 0# - HOST ITEM ENTRY
Title Impuestos
Related parts Reforma Tributaria - Nº 67/1 (ene. 2020)
Record control number REV45175

No hay ítems disponibles.